000 00507nam a2200145Ia 4500
008 151213s9999 xx 000 0 und d
100 _aহাজেরা নজরুল।
245 _aীউপক্রমণিকা।
_cহাজেরা নজরুল।
260 _aঢাকা
_bরাইটার্স ফাউন্ডেসন্স।
_c2008
300 _a8480 p.
650 _aBangla
650 _aBengali Literature
700 _aহাজেরা নজরুল।
999 _c4318
_d4318